ბათუმის შოთა რუსთაველის სახელმწიფო უნივერსიტეტის ბიბლიოთეკა

სასოფლო-სამეურნეო კოოპერატივების მოდელები და პერსპექტივები საქართველოში, მდგრადი სოფლის განვითარების მთავარი გამოწვევები : (ბიბ.ჩანაწერი № 59288)

000 -ლიდერი
ფიქსირებული სიგრძის საკონტროლო ველი 01591nam a22002297a 4500
003 - საკონტროლო ნომრის იდენტიფიკატორი
საკონტროლო ველი Ge_BSU
005 - ბოლო ოპერაციის თარიღი და დრო
საკონტროლო ველი 20221230114524.0
008 - ფიქსირებული სიგრძის მონაცემთა ელემენტები - ზოგადი ინფორმაცია
ფიქსირებული სიგრძის საკონტროლო ველი 221230s2022ge xxu||||| |||| 00| 0 geo d
020 ## - წიგნის საერთაშორისო სტანდარტული ნომერი
International Standard Book Number 9789941333101
041 ## - ენის კოდი
Language code of text/sound track or separate title geo
080 ## - უნივერსალური ათობითი კლასიფიკაციის ინდექსი
Universal Decimal Classification number 334.732:631.1 ს-26
100 ## - მთავარი ჩანაწერი - პიროვნების სახელი
Personal name სანიკიძე, ჰამლეტ, ავტორი.
9 (RLIN) 16650
245 ## - ცნობა სათაურის შესახებ
Title სასოფლო-სამეურნეო კოოპერატივების მოდელები და პერსპექტივები საქართველოში, მდგრადი სოფლის განვითარების მთავარი გამოწვევები :
Remainder of title მონოგრაფია : /
Statement of responsibility, etc ჰამლეტ სანიკიძე, რედ. ბადრი გეჩბაია
264 ## - წარმოების, გამოცემის, დისტრიბუციის და სხვა ცნობები
გამოცემის, წარმოების, დისტრიბუციის... ადგილი თბილისი :
გამოცემის, წარმოების, დისტრიბუციის... სახელწოდება უნივერსალი,
გამოცემის, წარმოების, დისტრიბუციის... თარიღი 2022.
300 ## - ფიზიკური აღწერა
Extent 239 გვ.:
Other physical details 23 სმ.
504 ## - BIBLIOGRAPHY, ETC. NOTE
Bibliography, etc ბიბლიოგრაფია ტექსტის ბოლოს
653 ## - INDEX TERM--UNCONTROLLED
Uncontrolled term სასოფლო-სამეურნეო კოოპერაცია.
653 ## - INDEX TERM--UNCONTROLLED
Uncontrolled term სოფლის მეურნეობის ეკონომიკა.
700 ## - ADDED ENTRY--PERSONAL NAME
Personal name გეჩბაია, ბადრი
Relator term რედაქტორი
9 (RLIN) 16651
710 ## - ADDED ENTRY--CORPORATE NAME
Corporate name or jurisdiction name as entry element ბათუმის შოთა რუსთაველის სახელმწიფო უნივერსიტეტი ეკონომიკისა და ბიზნესის ფაკულტეტი
9 (RLIN) 12854
942 ## - ADDED ENTRY ELEMENTS (KOHA)
Source of classification or shelving scheme
Koha item type წიგნი
ეგზემპლარები
ჩამოწერის სტატუსი დაკარგული ეგზემპლარის სტატუსი კლასიფიკაციის წყარო ან თაროზე გაწყობის სქემა დაზიანების სტატუსი არ გაიცემა მუდმივი მდებარეობა (დაცვის ადგილი) ამჟამინდელი ადგილსამყოფელი თაროზე განთავსების ადგილი შეძენის თარიღი ღირებულება, შესყიდვის ნორმალური ფასი სრული შენახვის შიფრი შტრიხკოდი ბოლო ოპერაციის თარიღი ეგზემპლარის მიმდევრობითი ნომერი (კეტერი?) ფასის ძალაში შესვლის თარიღი ეგზემპლარის სახეობა საჯარო შენიშვნა
          ბათუმის შოთა რუსთაველის სახელმწიფო უნივერსიტეტის მთავარი ბიბლიოთეკა ბათუმის შოთა რუსთაველის სახელმწიფო უნივერსიტეტის მთავარი ბიბლიოთეკა წიგნსაცავი 2022-12-30 30.00 334.732:631.1 ს-26 63434 2022-12-30 63434 2022-12-30 წიგნი 30.00